000 00285nam a22001337a 4500
008 170131b xxu||||| |||| 00| 0 eng d
020 _a9781256308515
041 _aeng
080 _a61
100 _a3
101 _aSHM
245 _aMEDICAL TERMINOLOGY
_cWINGERD, B
942 _2udc
_cBK
999 _c4153
_d4153